Tate McRae Songs an Lyrics - Statistiken

Allgemein
  • Dieses Quiz wurde 115 mal gespielt
  • Das Durchschnittsergebnis liegt bei 5 aus 10
Antwortstatistiken
Lyrics Antwort % Korrekt
kisses to my exes who don't give a shit about me Kisses, kisses to the next ones who think they can live without me We make up, then we break up, then they swear they'll never call me exes
92%
Yeah, you're loo- (loo-loo-) lookin' at me like I'm some sweet escape Obvious that you want me, but I said greedy
86%
If you say she's nothing to worry about Then why'd you close your eyes when you said it out loud? she´s all i wanna be
67%
Uh-oh, I couldn't help myself I'm almost at your house again, again uh oh
60%
Same bar, same street I'm twenty but I still feel like fifteen calgary
58%
Said she was a girl's girl, that's a lie Said she had my back, but she had the knife I could never do it once and she did it twic we´re not alike
50%
Don't know if it's been a minute or an hour Kinda cute when you're bribing the bouncer My friends got scared, and they called the cops But I'm just at the Ritz with the door locked Think Later
45%
One moment, we're broken and then we're fine "He called you back?" "Wait, wasn't he mine?" Teenage Mind
39%
You take all your issues Blame 'em on everyone else I'll bet that if you Could, you'd Go on a date with yourself you´re so cool
20%
Everyone's got someone built custom To give their darkness to I wish I had someone, could trust 'em But loyalty Don't come for free all my friends are fake
19%
Keine übereinstimmenden Quizze gefunden
Verteilung der Resultate
Anzahl Personen mit jedem Resultat
Perzentil nach korrekt beantworteten Fragen
Ihre Resultats-Entwicklung
Sie haben dieses Quiz noch nicht gespielt